000 00336nam a2200133Ia 4500
008 240112s1971/JAN-JUNE xx 000 0 und d
041 _aeng
082 _a616.05
100 _aELKINTON J.R.
245 _aANNUALS OF INTERNAL MEDICINE
260 _bLANCASTER PRESS
_c1971/JAN-JUNE
300 _a1048,HB
_c(1-6)
440 _v74
999 _c1141247
_d1141247